| 000 | 00622nam a2200205 i 4500 | ||
|---|---|---|---|
| 001 | 60779 | ||
| 003 | ES-MaACL | ||
| 005 | 20260612132714.0 | ||
| 007 | t| | ||
| 008 | 031106s1964 sp ||||1| spa d | ||
| 080 | _a929 Uscatescu, Jorge | ||
| 100 | 1 |
_aEsplandian. _947931 |
|
| 245 | 1 | 0 |
_aGeorge Uscatescu : _bperfil intelectual y humano / _cEsplandian. |
| 260 |
_aMadrid : _bPunta Europa, _c1964. |
||
| 300 |
_a20 p., 1 lám. ; _c25 cm. |
||
| 595 | _aSeparata de: Punta Europa, julio 1962, año VII, n. 75. | ||
| 600 | 1 | 4 |
_aUscatescu, Jorge, _d1919-1995 _9112293 |
| 852 | 4 |
_aES-MaACL _j2039-F-29 |
|
| 999 |
_c60779 _d60779 |
||